Návrh postupu finančnej analýzy pre vybraný podnik – príklad

Informačná základňa pre uskutočnenie analýzy finančnej situácie v konkrétnom podniku. Súvaha, výkaz ziskov a strát a interné informácie z vnútropodnikového prostredia.

Salvato in:
Dettagli Bibliografici
Autore principale: Moravčíková, Elena, 1967-
Natura: Capitolo di libro
Soggetti:
Tags: Aggiungi Tag
Nessun Tag, puoi essere il primo ad aggiungerne!!

MARC

LEADER 00000nla a2200000 4500
001 0199353
005 20240502073355.7
044 |a SK 
245 1 0 |a Návrh postupu finančnej analýzy pre vybraný podnik – príklad  |c Elena Moravčíková 
520 |a Informačná základňa pre uskutočnenie analýzy finančnej situácie v konkrétnom podniku. Súvaha, výkaz ziskov a strát a interné informácie z vnútropodnikového prostredia. 
610 2 0 |a hospodárstvo podniku finančné 
610 2 0 |a situácia finančná podniku 
610 2 0 |a cash flow 
610 2 0 |a výkaz ziskov a strát 
610 2 0 |a analýza finančná 
100 1 |a Moravčíková, Elena, 1967-